American Cities of the World - Statistics

General Stats
  • This quiz has been taken 53 times
  • The average score is 11 of 15
Answer Stats
Hints City % Correct
The home of the Eiffel Tower, or the home of the Eiffel Tower (with a hat) Paris
98%
Sparta's ancient rival, or a reputably "haunted" Ohioan city Athens
93%
A major German port city, or the home of America's third-largest county fair Hamburg
89%
A city the Nazis failed to invade, or the home of the University of Idaho Moscow
80%
The largest seaport in north-east Scotland, or the "Gateway to the Olympic Peninsula" Aberdeen
77%
A city that recently became the largest in Australia, or Florida's 'Harbor City' Melbourne
77%
The old capital of Yugoslavia, or the largest city in Montana that is not a county seat Belgrade
70%
The Arab world's largest city, or the birthplace of MLB's first African-American player Cairo
70%
Aston Villa's home city, or an industrial city which became the "Pittsburgh of the South" Birmingham
66%
The city Beethoven called home, or the site of one of the Civil War's earliest clashes Vienna
66%
The headquarters of the Red Cross, or the "Lake Trout Capital of the World" Geneva
64%
The culinary capital of South America, or the setting for Glee Lima
64%
The "cradle of Western civilization", or the home of the largest college campus in the world Rome
55%
The home of North America's tallest tower, or a small city first known as Newburg's Landing Toronto
48%
The most populous city in the Caribbean, or a place Abraham Lincoln liked to visit Havana
36%
No matching quizzes found
Score Distribution
Percent of People with Each Score
Percentile by Number Answered
Your Score History
You have not taken this quiz